F1 tracks according to drivers onboard crashes - Statistics

General Stats
  • This quiz has been taken 516 times
  • The average score is 14 of 20
Answer Stats
Picture Answer % Correct
Circuit de Monaco
90%
Bahrain International Circuit
88%
Marina Bay Street Circuit
85%
Circuit de Spa-Francorchamps
84%
Silverstone
82%
Red Bull Ring
76%
Albert Park Circuit
75%
COTA
75%
Jeddah street circuit
74%
Autódromo José Carlos Pace
73%
Autodromo Nazionale di Monza
73%
Circuit de Barcelona Catalunya
72%
Hungaroring
69%
Hockenheimring
62%
Las Vegas Strip Circuit
61%
Miami International Autodrome
61%
Shanghai International Circuit
58%
Yas Marina Circuit
58%
Sepang International Circuit
51%
Circuit Gilles Villeneuve
48%
No matching quizzes found
Score Distribution
Percent of People with Each Score
Percentile by Number Answered
Your Score History
You have not taken this quiz